[Event "Pozarevac Rudar 4th"]
[Site "Pozarevac"]
[Date "2022.08.20"]
[Round "9"]
[White "Kovacevic, Dragoljub"]
[Black "Lu, Miaoyi"]
[Result "0-1"]
[WhiteElo "2104"]
[BlackElo "2225"]
[PlyCount "35"]
[EventDate "2022.08.13"]
[EventType "tourn"]
[EventRounds "9"]
[EventCountry "SRB"]
[SourceTitle "CBM 209 Extra"]
[Source "ChessBase"]
[SourceDate "2022.09.30"]
[SourceVersion "1"]
[SourceVersionDate "2022.09.30"]
[SourceQuality "1"]

1. Nf3 d5 2. d4 Nf6 3. Bg5 Ne4 4. Bf4 c5 5. dxc5 f6 6. Nbd2 e5 7. Be3 Nxd2 8. Bxd2 Bxc5 9. e3 0-0 10. c4 d4 11. Qb3 Nc6 12. Be2 Rf7 13. exd4 exd4 14. 0-0 Bg4 15. Rfd1 Rd7 16. Bf4 Bf5 17. a3 d3 18. Bxd3 0-1

[Event "Pozarevac Rudar 4th"]
[Site "Pozarevac"]
[Date "2022.08.13"]
[Round "1"]
[White "Ivanov, Mikhail M"]
[Black "Kovacevic, Dragoljub"]
[Result "1-0"]
[WhiteElo "2329"]
[BlackElo "2104"]
[PlyCount "53"]
[EventDate "2022.08.13"]
[EventType "tourn"]
[EventRounds "9"]
[EventCountry "SRB"]
[SourceTitle "CBM 209 Extra"]
[Source "ChessBase"]
[SourceDate "2022.09.30"]
[SourceVersion "1"]
[SourceVersionDate "2022.09.30"]
[SourceQuality "1"]

1. d4 d5 2. c4 e6 3. Nc3 Nf6 4. cxd5 exd5 5. Bg5 c6 6. e3 Be7 7. Bd3 h6 8. Bf4 Bd6 9. Nge2 Bxf4 10. Nxf4 Nbd7 11. Qc2 Nf8 12. 0-0-0 Ne6 13. Nfe2 a5 14. Kb1 b5 15. h3 Ba6 16. g4 b4 17. Na4 Bxd3 18. Rxd3 Qd6 19. Ng3 g6 20. Rdd1 h5 21. gxh5 Nxh5 22. e4 Nxg3 23. e5 b3 24. axb3 Nxd4 25. Rxd4 Qxe5 26. Qxc6+ Ke7 27. Qc5+ 1-0

[Event "MNT-ch 74th"]
[Site "Podgorica"]
[Date "2022.02.26"]
[Round "8"]
[White "Kisic, Bozidar"]
[Black "Kovacevic, Dragoljub"]
[Result "1/2-1/2"]
[WhiteElo "2289"]
[BlackElo "2132"]
[PlyCount "44"]
[EventDate "2022.02.19"]
[EventType "swiss"]
[EventRounds "9"]
[EventCountry "MNE"]
[SourceTitle "EXT 2023"]
[Source "ChessBase"]
[SourceDate "2022.10.05"]
[SourceVersion "1"]
[SourceVersionDate "2022.10.05"]
[SourceQuality "1"]

1. d4 d5 2. Bf4 Nf6 3. Nc3 a6 4. Qd3 Nh5 5. Be5 e6 6. g4 Nf6 7. Qg3 Bd6 8. 0-0-0 b6 9. h4 Bb7 10. Bg2 Qe7 11. g5 Nh5 12. Qg4 Bxe5 13. dxe5 g6 14. f4 Qb4 15. e3 Nc6 16. Nf3 0-0-0 17. Nd4 Ne7 18. Rhe1 Ng7 19. a3 Qc4 20. Bf1 Qc5 21. Na4 Qa5 22. Nc3 Qc5 1/2-1/2

[Event "MNT-chT 1st League"]
[Site "Podgorica"]
[Date "2019.07.27"]
[Round "8.2"]
[White "Kovacevic, Dragoljub"]
[Black "Popovic, Mladen"]
[Result "0-1"]
[WhiteElo "1715"]
[BlackElo "2212"]
[PlyCount "56"]
[EventDate "2019.07.20"]
[EventType "team-tourn"]
[EventRounds "9"]
[EventCountry "MNE"]
[SourceTitle "EXT 2020"]
[Source "ChessBase"]
[SourceDate "2019.10.17"]
[SourceVersion "1"]
[SourceVersionDate "2019.10.17"]
[SourceQuality "1"]
[WhiteTeam "Niksic"]
[BlackTeam "Buducnost Omladinac"]
[WhiteTeamCountry "MNE"]
[BlackTeamCountry "MNE"]

1. e4 e6 2. d4 d5 3. exd5 exd5 4. Nf3 Bd6 5. Bd3 Nc6 6. c3 Nge7 7. h3 h6 8. 0-0 Be6 9. Be3 Qd7 10. Re1 g5 11. b4 g4 12. hxg4 Bxg4 13. Nbd2 0-0-0 14. Nb3 Rdg8 15. Nc5 Bxc5 16. bxc5 Ng6 17. Be2 h5 18. Nh2 Be6 19. Rb1 Nh4 20. g3 Nf5 21. Bxh5 Nxg3 22. fxg3 Rxg3+ 23. Kf2 Rh3 24. Nf3 R8xh5 25. Rg1 Bg4 26. Rxg4 Qxg4 27. Rb3 Rxf3+ 28. Qxf3 Rh2+ 0-1

[Event "MNT-chT 1st League"]
[Site "Podgorica"]
[Date "2019.07.23"]
[Round "4.8"]
[White "Vujovic, Savo"]
[Black "Kovacevic, Dragoljub"]
[Result "1/2-1/2"]
[WhiteElo "2023"]
[BlackElo "1715"]
[PlyCount "28"]
[EventDate "2019.07.20"]
[EventType "team-tourn"]
[EventRounds "9"]
[EventCountry "MNE"]
[SourceTitle "EXT 2020"]
[Source "ChessBase"]
[SourceDate "2019.10.17"]
[SourceVersion "1"]
[SourceVersionDate "2019.10.17"]
[SourceQuality "1"]
[WhiteTeam "Crnogorac"]
[BlackTeam "Niksic"]
[WhiteTeamCountry "MNE"]
[BlackTeamCountry "MNE"]

1. e4 e5 2. Nf3 Nf6 3. d4 Nxe4 4. dxe5 d5 5. Nbd2 Nxd2 6. Bxd2 Nc6 7. h3 Be7 8. Bd3 Be6 9. c3 Qd7 10. Qc2 0-0-0 11. Bb5 a6 12. Bxc6 Qxc6 13. Nd4 Qd7 14. b4 c5 1/2-1/2

[Event "MNT-chT 1st League"]
[Site "Podgorica"]
[Date "2019.07.20"]
[Round "1.8"]
[White "Kovacevic, Dragoljub"]
[Black "Latkovic, Matija"]
[Result "1-0"]
[WhiteElo "1715"]
[BlackElo "1089"]
[PlyCount "71"]
[EventDate "2019.07.20"]
[EventType "team-tourn"]
[EventRounds "9"]
[EventCountry "MNE"]
[SourceTitle "EXT 2020"]
[Source "ChessBase"]
[SourceDate "2019.10.17"]
[SourceVersion "1"]
[SourceVersionDate "2019.10.17"]
[SourceQuality "1"]
[WhiteTeam "Niksic"]
[BlackTeam "Kotor"]
[WhiteTeamCountry "MNE"]
[BlackTeamCountry "MNE"]

1. e4 c5 2. Nf3 e6 3. d4 cxd4 4. Nxd4 Nf6 5. Nc3 Nc6 6. Be2 Bb4 7. Nxc6 bxc6 8. Bg5 Qa5 9. Bxf6 gxf6 10. Qd3 Ba6 11. Qf3 Bxe2 12. Kxe2 Bxc3 13. Qxc3 Qxc3 14. bxc3 Rb8 15. Rab1 Ke7 16. c4 c5 17. Rb5 Kd6 18. Rhb1 Rxb5 19. cxb5 Rb8 20. c4 Ke5 21. Kd3 f5 22. Re1 Rb6 23. exf5+ Kxf5 24. Re3 Rd6+ 25. Kc3 Rd4 26. Rf3+ Rf4 27. Rxf4+ Kxf4 28. a4 Ke5 29. a5 Kd6 30. g4 Kc7 31. f4 f6 32. g5 fxg5 33. fxg5 d5 34. cxd5 exd5 35. h4 d4+ 36. Kc4 1-0

[Event "MNT-ch U16 25th"]
[Site "Podgorica"]
[Date "2019.05.03"]
[Round "4"]
[White "Pobor, Milo"]
[Black "Kovacevic, Dragoljub"]
[Result "1/2-1/2"]
[WhiteElo "1960"]
[BlackElo "1711"]
[PlyCount "69"]
[EventDate "2019.05.01"]
[EventType "swiss"]
[EventRounds "7"]
[EventCountry "MNE"]
[SourceTitle "EXT 2020"]
[Source "ChessBase"]
[SourceDate "2019.10.17"]
[SourceVersion "1"]
[SourceVersionDate "2019.10.17"]
[SourceQuality "1"]

1. e4 e5 2. Nf3 Nf6 3. Nxe5 d6 4. Nf3 Nxe4 5. Nc3 Nxc3 6. dxc3 Be7 7. Be3 0-0 8. Qd2 Nc6 9. 0-0-0 Bf5 10. h3 Be4 11. Nd4 Nxd4 12. Qxd4 Bc6 13. Rg1 Bf6 14. Qd2 Re8 15. g4 g6 16. g5 Bg7 17. Bg2 Qd7 18. Bxc6 Qxc6 19. Rh1 Qc4 20. Kb1 b5 21. h4 a5 22. Qd3 Qxd3 23. Rxd3 Re6 24. h5 f5 25. gxf6 Rxf6 26. hxg6 Rxg6 27. Rd5 b4 28. c4 h6 29. c5 Ra6 30. Bf4 Rf6 31. Bg3 Bf8 32. cxd6 Bxd6 33. Bxd6 Rfxd6 34. Rg1+ Kh7 35. Re5 1/2-1/2